00527nam a22001817a 450000500170000001000150001702000260003203500140005803700130007208200080008510000170009324500500011025000120016026000300017227000670020230000260026950000500029520191016173748.0 aENG-126680 a9789389347081c425.00 aEN-110212 bDBAD/PUB a370 aMohan, Radha aInnovative science teaching /cby Radha Mohan a4th ed. aDelhibPHI Learningc2019 aRimjhim House,111, Patparganj Industrial EstatebDelhie110092 axiii;454p.c22cm(pbk) aIncludes bibliographical references and index